000 00429nam a22001697a 4500
005 20180221155214.0
008 160519b xxu||||| |||| 00| 0 eng d
020 _a81-7866584-0
041 _aeng
082 _b3150
_a174.4
100 _aBanerjee R.P.
_9788
245 _aEthics in Business and Management
260 _aNew Delhi
_bHimalaya Publishing House,
_c2001
300 _a224
650 _aManagement
_9241
942 _cBK
999 _c1083
_d1083